<?xml version="1.0" encoding="UTF-8"?><?xml-stylesheet type="text/xsl" href="static/style.xsl"?><OAI-PMH xmlns="http://www.openarchives.org/OAI/2.0/" xmlns:xsi="http://www.w3.org/2001/XMLSchema-instance" xsi:schemaLocation="http://www.openarchives.org/OAI/2.0/ http://www.openarchives.org/OAI/2.0/OAI-PMH.xsd"><responseDate>2026-04-27T13:50:37Z</responseDate><request verb="GetRecord" identifier="oai:uvadoc.uva.es:10324/1983" metadataPrefix="marc">https://uvadoc.uva.es/oai/request</request><GetRecord><record><header><identifier>oai:uvadoc.uva.es:10324/1983</identifier><datestamp>2025-02-13T10:32:42Z</datestamp><setSpec>com_10324_38</setSpec><setSpec>col_10324_852</setSpec></header><metadata><record xmlns="http://www.loc.gov/MARC21/slim" xmlns:doc="http://www.lyncode.com/xoai" xmlns:xsi="http://www.w3.org/2001/XMLSchema-instance" xmlns:dcterms="http://purl.org/dc/terms/" xsi:schemaLocation="http://www.loc.gov/MARC21/slim http://www.loc.gov/standards/marcxml/schema/MARC21slim.xsd">
<leader>00925njm 22002777a 4500</leader>
<datafield tag="042" ind1=" " ind2=" ">
<subfield code="a">dc</subfield>
</datafield>
<datafield tag="720" ind1=" " ind2=" ">
<subfield code="a">Sánchez-Moncayo Diego, Natalia</subfield>
<subfield code="e">author</subfield>
</datafield>
<datafield tag="260" ind1=" " ind2=" ">
<subfield code="c">2012</subfield>
</datafield>
<datafield tag="520" ind1=" " ind2=" ">
<subfield code="a">En este trabajo, además de considerar aspectos didácticos relacionados con las salidas fuera del centro&#xd;
escolar, se ha concretado en un estudio de caso con una visita al Museo de la Ciencia de&#xd;
Valladolid, por su proximidad a la ciudad de Palencia y por su riqueza culturaly científica.&#xd;
Aunque este trabajo está programado para realizar con alumnos del Tercer Ciclo de Educación Primaria&#xd;
de un colegio de Palencia, se puede desarrollar con alumnos de otros ciclos de Educación Primaria&#xd;
realizando las correspondientes adaptaciones curriculares.&#xd;
Para que las salidas escolares no se consideren como un hecho aislado o simplemente como una&#xd;
excursión", para su programación se ha tomado como referencia el currículo de Educación&#xd;
Primaria, adaptándolo a las características de los alumnos.&#xd;
En este contexto, para la programación de esta actividad se ha considerado un "antes, durante y después"&#xd;
de la visíta, desarrollando en cada momento los contenidos y las actividades más adecuadas. Espero que el presente trabajo me resulte útil a mí y a otros compañeros de profesión en un futuro no&#xd;
muy lejano.</subfield>
</datafield>
<datafield tag="024" ind2=" " ind1="8">
<subfield code="a">http://uvadoc.uva.es/handle/10324/1983</subfield>
</datafield>
<datafield ind1=" " ind2=" " tag="653">
<subfield code="a">Excursiones pedagógicas</subfield>
</datafield>
<datafield tag="245" ind1="0" ind2="0">
<subfield code="a">Las salidas escolares y su proyección educativa en la enseñanza de las ciencias en la educación primaria</subfield>
</datafield>
</record></metadata></record></GetRecord></OAI-PMH>